Bilecik Bilecik Bilecik Bilecik Bilecik

Kafkasya'nın sosyo-ekonomik yapısı : (Record no. 17352)

MARC details
000 -BAŞLIK
Sabit Uzunluktaki Kontrol Alanı 01416nam a22004097a 4500
001 - KONTROL NUMARASI
Control Dosyası 0017395
003 - KONTROL NUMARASI KİMLİĞİ
Kontrol Alanı KOHA_MİRAKIL
005 - EN SON İŞLEM TARİHİ ve ZAMANI
Kontrol Alanı 20260207002138.0
007 - FİZİKSEL TANIM SABİT ALAN - GENEL BİLGİ
Sabit uzunluklu kontrol alanı ta
008 - SABİT UZUNLUKTAKİ VERİ ÖGELERİ - GENEL BİLGİ
Sabit Alan 100520b2002 tu |||gr||||#||||0|tur |
020 ## - ISBN - ULUSLARARASI STANDART KİTAP NUMARASI
Isbn 9756983248
Kullanılabilirlik koşulları 0,01
040 ## - KATALOGLAMA KAYNAĞI
Özgün Kataloglama Kurumu TR-BiSEU
Kataloglama Dili tur
Çeviri Kurumu TR-BiSEU
Açıklama Kuralları rda
041 0# - DİL KODU
Metin ya da ses kaydının dil kodu tur
044 ## - YAYINLAYAN/ÜRETEN KURULUŞUN ÜLKE KODU
ISO country code tu
050 ## - SINIFLAMA ve YER NUMARASI
Sınıflama Numarası HC415.16
Yer Numarası .C45 2002
100 1# - KİŞİ ADI
Yazar Adı (Kişi adı) Çelik, Kenan.
245 1# - ESER ADI BİLDİRİMİ
Başlık Kafkasya'nın sosyo-ekonomik yapısı :
Alt Eseradı vb. 1992-1997/
Sorumluluk Bildirimi Kenan Çelik ; Kenan Çelik, Cemalettin Kalaycı.
264 #1 - ÜRERİM, YAYIN, DAĞITIM ve TELİF BİLDİRİMİ
Yayın yeri Trabzon :
Yayınlayan Karadeniz Teknik Üniversitesi
Yayın tarihi 2002
300 ## - FİZİKSEL TANIMLAMA
Sayfa, Cilt vb. 166 sayfa: tablo; 24 cm.
336 ## - İÇERİK TÜRÜ
Content type term metin
Content type code txt
Source rdacontent
337 ## - MEDYA TÜRÜ
Media type term aracısız
Media type code n
Source rdamedia
338 ## - TAŞIYICI TÜRÜ
Carrier type term cilt
Carrier type code nc
Source rdacarrier
490 1# - DİZİ BİLDİRİMİ
Dizi Bildirimi T.C.
490 1# - DİZİ BİLDİRİMİ
Dizi Bildirimi Karadeniz Teknik Üniversitesi ;
Cilt Numarası genel yayın no.
490 1# - DİZİ BİLDİRİMİ
Dizi Bildirimi 207.
490 1# - DİZİ BİLDİRİMİ
Dizi Bildirimi Karadeniz, Kafkasya ve Orta Asya Ülkeleri Uygulama ve Araştırma Merkezi ;
Cilt Numarası yayın no.
490 1# - DİZİ BİLDİRİMİ
Dizi Bildirimi 2002/1
500 ## - GENEL NOT
Genel Not Kaynakça var.
650 #0 - KONU BAŞLIĞI EK GİRİŞ - KONU TERİMİ
Konusal terim veya coğrafi ad Kafkasya--Sosyo--Ekonomik göstergeler.
9 (RLIN) 40351
650 #0 - KONU BAŞLIĞI EK GİRİŞ - KONU TERİMİ
Konusal terim veya coğrafi ad Caucasus--Socio--Economic indicators.
9 (RLIN) 40352
830 1# - SERİ EK GİRİŞİ - TEKBİÇİM ESER ADI
Tekbiçim Başlık T.C.
9 (RLIN) 6297
830 1# - SERİ EK GİRİŞİ - TEKBİÇİM ESER ADI
Tekbiçim Başlık Karadeniz Teknik Üniversitesi ;
Volume number/sequential designation genel yayın no.
9 (RLIN) 13534
830 1# - SERİ EK GİRİŞİ - TEKBİÇİM ESER ADI
Tekbiçim Başlık 207.
9 (RLIN) 8367
830 1# - SERİ EK GİRİŞİ - TEKBİÇİM ESER ADI
Tekbiçim Başlık Karadeniz, Kafkasya ve Orta Asya Ülkeleri Uygulama ve Araştırma Merkezi ;
Volume number/sequential designation yayın no.
9 (RLIN) 40353
830 1# - SERİ EK GİRİŞİ - TEKBİÇİM ESER ADI
Tekbiçim Başlık 2002/1
9 (RLIN) 40354
942 ## - EK GİRİŞ ÖGELERİ (KOHA)
Source of classification or shelving scheme Library of Congress Classification
Koha item type Book
Holdings
Materyal Türü Kalıcı Konum Mevcut Konum Raf Yeri Sınıflandırma Kaynağı Edinim Bilgisi Ana Konular Alt Konular Yer Numarası Demirbaş Numarası Fatura Tarihi Geri Çekilme Durumu Kayıp Durumu Hasarlı Durumu Kredi için değil Kayıt Tarih Toplam Ödünçverme Son Görülme Tarihi Son Kontrol Tarihi Genel / Bağış Notu
Book Prof. Dr. Azmi Özcan Kütüphanesi Prof. Dr. Azmi Özcan Kütüphanesi Uluğbey Salonu Library of Congress Classification Bağış SOSYAL BİLİMLER Ekonomi Tarihi ve Koşulları HC415.16 .C45 2002 0017395 13/08/2010         20/05/2010 2 05/12/2024 05/12/2024 Genel Bağış